English phonetics and phonology : A practical course = Giáo trình ngữ âm và âm vị học
Enregistré dans:
| Auteur principal: | |
|---|---|
| Format: | Livre |
| Langue: | Undetermined |
| Publié: |
Tp. HCM
Trẻ
2002
|
| Sujets: | |
| Tags: |
Ajouter un tag
Pas de tags, Soyez le premier à ajouter un tag!
|
| Thư viện lưu trữ: | Trung tâm Học liệu Trường Đại học Cần Thơ |
|---|
| LEADER | 00606nam a2200193Ia 4500 | ||
|---|---|---|---|
| 001 | CTU_54635 | ||
| 008 | 210402s9999 xx 000 0 und d | ||
| 020 | |b 26000 | ||
| 082 | |a 421.55 | ||
| 082 | |b R629 | ||
| 100 | |a Peter Roach | ||
| 245 | 0 | |a English phonetics and phonology : A practical course = Giáo trình ngữ âm và âm vị học | |
| 245 | 0 | |c Peter Roach; Nguyễn Văn Phước biên dịch | |
| 260 | |a Tp. HCM | ||
| 260 | |b Trẻ | ||
| 260 | |c 2002 | ||
| 650 | |a english language | ||
| 650 | |x phonology,phonetics | ||
| 980 | |a Trung tâm Học liệu Trường Đại học Cần Thơ | ||